The model aircraft handbook
Gardado en:
| Autor Principal: | |
|---|---|
| Formato: | Libro |
| Idioma: | Undetermined |
| Publicado: |
New York
Thomas Y.Crowell
1968
|
| Những chủ đề: | |
| Các nhãn: |
Engadir etiqueta
Sen Etiquetas, Sexa o primeiro en etiquetar este rexistro!
|
| Thư viện lưu trữ: | Trung tâm Học liệu Trường Đại học Cần Thơ |
|---|
| LEADER | 00448nam a2200169Ia 4500 | ||
|---|---|---|---|
| 001 | CTU_46295 | ||
| 008 | 210402s9999 xx 000 0 und d | ||
| 082 | |a 629.13 | ||
| 082 | |b M141 | ||
| 100 | |a Yves de Bouard | ||
| 245 | 4 | |a The model aircraft handbook | |
| 245 | 0 | |c Yves de Bouard, H.G.Mcentee | |
| 260 | |a New York | ||
| 260 | |b Thomas Y.Crowell | ||
| 260 | |c 1968 | ||
| 650 | |a avion | ||
| 980 | |a Trung tâm Học liệu Trường Đại học Cần Thơ | ||